书目信息 |
| 题名: |
全球化中的知识左派
|
|
| 作者: | 罗宾斯 著 ;徐晓雯 译 | |
| 分册: | ||
| 出版信息: | 北京 中国社会科学出版社 2000 |
|
| 页数: | 245页 | |
| 开本: | 20cm | |
| 丛书名: | 知识分子图书馆 | |
| 单 册: | ||
| 中图分类: | D01 | |
| 科图分类: | ||
| 主题词: | 阶级--理论 , 阶级斗争--理论 | |
| 电子资源: | ||
| ISBN: | 7-5004-2866-9 | |
| 000 | 00766nam0 2200253 450 | |
| 001 | 0561663828 | |
| 005 | 20051027171129.85 | |
| 010 | @a7-5004-2866-9@dCNY16.00 | |
| 092 | @aCN | |
| 100 | @a20051027d2000 km y0chiy0120 ea | |
| 101 | 0 | @achi@ceng |
| 102 | @aCN@b110000 | |
| 200 | 1 | @a全球化中的知识左派@Aquan qiu hua zhong de zhi shi zuo pai@f(美)布鲁斯·罗宾斯著@F(mei)bu lu si·luo bin si zhu@g徐晓雯译@Gxu xiao wen yi |
| 210 | @a北京@c中国社会科学出版社@d2000 | |
| 215 | 1 | @a245页@d20cm |
| 225 | @a知识分子图书馆 | |
| 461 | 0 | @12001 @a知识分子图书馆 |
| 606 | 0 | @a阶级@x理论 |
| 606 | 0 | @a阶级斗争@x理论 |
| 690 | @aD01@v4 | |
| 701 | 0 | @a罗宾斯@Aluo bin si@4著 |
| 702 | 0 | @a徐晓雯@Axu xiao wen@4译 |
| 801 | 0 | @aCN@bPFT@c20051027 |
| 905 | @a10447@dD01@e114 | |
| 全球化中的知识左派/(美)布鲁斯·罗宾斯著/徐晓雯译.-北京:中国社会科学出版社,2000 |
| 245页;20cm.-(知识分子图书馆) |
| ISBN 7-5004-2866-9:CNY16.00 |
| ● |
| 相关链接 |
|
|
|
|
正题名:全球化中的知识左派
索取号:D01/114
 
预约/预借
| 序号 | 登录号 | 条形码 | 馆藏地/架位号 | 状态 | 备注 |
| 1 | 0337140 | 203371403 | 第一样本阅览室/ [索取号:D01/114] | 在馆 | |
| 2 | 0337141 | 203371412 | 第一借阅区/ [索取号:D01/114] | 在馆 | |
| 3 | 0337142 | 203371421 | 第一借阅区/ [索取号:D01/114] | 在馆 | |
| 4 | 0337143 | 203371430 | 第一借阅区/ [索取号:D01/114] | 在馆 | |
| 5 | 0337144 | 203371449 | 第一借阅区/ [索取号:D01/114] | 在馆 |